Кн. 1: Качественный анализ; Курс аналитической химии

Библиографические подробности
Источник:Курс аналитической химии: учебник для техникумов/ А. П. Крешков, А. А. Ярославцев. Кн. 1: Качественный анализ.— , 1954-
Язык:русский
Опубликовано: 1954
Предметы:
Формат: Книга
Запись в KOHA:https://koha.lib.tpu.ru/cgi-bin/koha/opac-detail.pl?biblionumber=184022

MARC

LEADER 00000nam2a2200000 4500
001 184022
005 20231101223819.0
035 |a (RuTPU)RU\TPU\book\199497 
090 |a 184022 
100 |a 20100826d1954 m y0rusy50 ca 
101 0 |a rus 
102 |a RU 
105 |a a j 000zy 
200 0 |a Кн. 1: Качественный анализ 
210 |d 1954 
215 |a 448 с.  |c ил. 
461 1 |0 (RuTPU)RU\TPU\book\205625  |t Курс аналитической химии  |o учебник для техникумов  |f А. П. Крешков, А. А. Ярославцев  |v Кн. 1: Качественный анализ  |d 1954- 
606 1 |a Аналитическая химия  |2 stltpush  |3 (RuTPU)RU\TPU\subj\67454  |9 83247 
610 1 |a аналитическая химия 
610 1 |a качественный анализ 
610 1 |a учебные пособия 
610 1 |a качественные реакции 
610 1 |a качественный анализ 
610 1 |a катионы 
610 1 |a анионы 
610 1 |a соли 
610 1 |a сплавы 
610 1 |a силикаты 
675 |a 543(075.8)  |v 3 
801 1 |a RU  |b 63413507  |c 20100826 
801 2 |a RU  |b 63413507  |c 20140829  |g RCR 
942 |c BK